[Event "Titled Tuesday intern op 03rd Jan Late"]
[Site "Chess.com INT"]
[Date "2025.06.03"]
[Round "3"]
[White "Ali, Sebbar"]
[Black "Deac, Bogdan Daniel"]
[Result "1/2-1/2"]
[WhiteElo "2400"]
[BlackElo "2668"]
[PlyCount "103"]
[EventDate "2025.06.03"]
[EventType "swiss (blitz)"]
[EventRounds "11"]
[EventCountry "USA"]
[SourceTitle "CB24_2025"]
[SourceDate "2025.06.11"]
[SourceVersion "1"]
[SourceVersionDate "2025.06.11"]
[SourceQuality "1"]

1. e4 e6 2. d4 d5 3. Nd2 dxe4 4. Nxe4 Bd7 5. Nf3 Bc6 6. Neg5 Bd6 7. Nxf7 Kxf7 8. Ng5+ Ke8 9. h4 Qf6 10. Rh3 Ne7 11. Bc4 Nd7 12. Bxe6 h6 13. Bf7+ Kd8 14. Bb3 hxg5 15. hxg5 Rxh3 16. gxf6 Rh1+ 17. Ke2 Rxd1 18. fxe7+ Kxe7 19. Kxd1 Bxg2 20. Bg5+ Nf6 21. Ke2 Kd7 22. f3 Re8+ 23. Kf2 Bh3 24. Rg1 c6 25. Bf7 Re7 26. Bg6 Be6 27. b3 b5 28. Bd3 b4 29. Bd2 Kc7 30. Rg5 Nd5 31. Bc4 Kb7 32. Rg6 Bf5 33. Rxd6 Bxc2 34. Bxd5 cxd5 35. Rxd5 Bd3 36. Re5 Rxe5 37. dxe5 a5 38. Ke3 Bb1 39. Kd4 Bxa2 40. Kc4 Kc6 41. Bg5 a4 42. Kxb4 Bxb3 43. f4 Kd5 44. Ka3 Ke6 45. Kb2 g6 46. Ka3 Bc2 47. Kb2 Bf5 48. Ka3 Bc2 49. Kb4 Bb3 50. Ka3 Bd1 51. Kb4 Bb3 52. Ka3 1/2-1/2

[Event "Titled Tuesday intern op 03rd Jan Late"]
[Site "Chess.com INT"]
[Date "2025.06.03"]
[Round "9"]
[White "Deac, Bogdan Daniel"]
[Black "Erdogmus, Yagiz Kaan"]
[Result "1-0"]
[WhiteElo "2668"]
[BlackElo "2618"]
[PlyCount "59"]
[EventDate "2025.06.03"]
[EventType "swiss (blitz)"]
[EventRounds "11"]
[EventCountry "USA"]
[SourceTitle "CB24_2025"]
[SourceDate "2025.06.11"]
[SourceVersion "1"]
[SourceVersionDate "2025.06.11"]
[SourceQuality "1"]

1. d4 Nf6 2. c4 b6 3. Nf3 Bb7 4. g3 g6 5. Bg2 Bg7 6. 0-0 0-0 7. Qc2 c5 8. d5 e6 9. e4 exd5 10. exd5 b5 11. cxb5 Qb6 12. Nc3 Nxd5 13. Nxd5 Bxd5 14. Rd1 Bb7 15. Be3 Rc8 16. a4 a6 17. Rac1 axb5 18. Bxc5 Qf6 19. Qd3 Rxa4 20. Qxb5 Bc6 21. Qb3 Qxb2 22. Qxb2 Bxb2 23. Rb1 Bf6 24. Be3 Na6 25. Nd4 Bxg2 26. Kxg2 Nc5 27. Nb5 Rc6 28. Nd4 Rd6 29. Nf5 Rxd1 30. Rb8+ 1-0

[Event "Titled Tuesday intern op 03rd Jan Late"]
[Site "Chess.com INT"]
[Date "2025.06.03"]
[Round "1"]
[White "Deichmann, Esteban Horacio"]
[Black "Deac, Bogdan Daniel"]
[Result "0-1"]
[WhiteElo "2085"]
[BlackElo "2668"]
[PlyCount "72"]
[EventDate "2025.06.03"]
[EventType "swiss (blitz)"]
[EventRounds "11"]
[EventCountry "USA"]
[SourceTitle "CB24_2025"]
[SourceDate "2025.06.11"]
[SourceVersion "1"]
[SourceVersionDate "2025.06.11"]
[SourceQuality "1"]

1. e4 e6 2. d4 d5 3. exd5 exd5 4. Qf3 Nc6 5. c3 Be6 6. Bd3 Bd6 7. Ne2 Qf6 8. Bf4 0-0-0 9. Nd2 h5 10. Bxd6 Rxd6 11. h3 h4 12. 0-0-0 Qxf3 13. Nxf3 Nge7 14. Nf4 Bf5 15. Rhe1 Bxd3 16. Rxd3 f6 17. Ne6 Nf5 18. Nc5 b6 19. Nb3 Nd8 20. Rd2 Ne6 21. Nh2 Nf4 22. f3 Rdd8 23. Ng4 Rde8 24. Kd1 Kd7 25. Nc1 Rxe1+ 26. Kxe1 Re8+ 27. Kf2 Ng3 28. Rd1 a5 29. b3 b5 30. Ne3 f5 31. c4 c6 32. cxd5 cxd5 33. Rd2 Nh1+ 34. Kg1 Rxe3 35. Rc2 Re1+ 36. Kh2 Ng3 0-1

[Event "Titled Tuesday intern op 03rd Jan Late"]
[Site "Chess.com INT"]
[Date "2025.06.03"]
[Round "5"]
[White "Yilmaz, Baver"]
[Black "Deac, Bogdan Daniel"]
[Result "1/2-1/2"]
[WhiteElo "2233"]
[BlackElo "2668"]
[PlyCount "185"]
[EventDate "2025.06.03"]
[EventType "swiss (blitz)"]
[EventRounds "11"]
[EventCountry "USA"]
[SourceTitle "CB24_2025"]
[SourceDate "2025.06.11"]
[SourceVersion "1"]
[SourceVersionDate "2025.06.11"]
[SourceQuality "1"]

1. e4 e6 2. d4 d5 3. Nd2 Be7 4. e5 c5 5. c3 Qb6 6. Bd3 cxd4 7. Qg4 Kf8 8. cxd4 Nh6 9. Qf4 Nf5 10. Bxf5 exf5 11. Ngf3 Nc6 12. a3 a5 13. 0-0 h6 14. Qe3 g5 15. Nb3 f4 16. Qc3 Bg4 17. Bd2 Kg7 18. Nc5 Bxf3 19. gxf3 Nxd4 20. Qxd4 Qxc5 21. Qd3 Qc4 22. Qf5 Qc8 23. Qd3 Qe6 24. Bc3 b6 25. Kh1 Rac8 26. Rad1 Rhd8 27. Rfe1 Rc4 28. Bd4 Bc5 29. Bxc5 Rxc5 30. b4 axb4 31. axb4 Rc7 32. Kg2 Kg8 33. h3 d4 34. Re4 Rcd7 35. Rd2 Rd5 36. Rde2 b5 37. Rd2 Kg7 38. Rd1 R8d7 39. Rde1 Rd8 40. Rd1 Qg6 41. Rde1 Qf5 42. e6 fxe6 43. Qe2 R8d6 44. Qa2 Qf6 45. Qa7+ Rd7 46. Qb8 R5d6 47. Re5 d3 48. Qxb5 d2 49. Rd1 Rd5 50. Rxd5 Rxd5 51. Qb7+ Qf7 52. Qxf7+ Kxf7 53. Kf1 Rb5 54. Rxd2 Rxb4 55. Kg2 Rb6 56. h4 Kg6 57. hxg5 hxg5 58. Re2 Kf5 59. Rc2 e5 60. Rc8 Rf6 61. Re8 Re6 62. Rf8+ Rf6 63. Rg8 Rf7 64. Kh3 Rh7+ 65. Kg2 Rh4 66. Rf8+ Ke6 67. Rg8 Rh5 68. Re8+ Kf6 69. Rf8+ Ke7 70. Rg8 Ke6 71. Re8+ Kf6 72. Rf8+ Ke7 73. Rg8 Kf7 74. Ra8 Rh4 75. Ra7+ Kf6 76. Ra6+ Kf5 77. Ra8 g4 78. Rf8+ Ke6 79. fxg4 Rxg4+ 80. Kf3 Rg1 81. Re8+ Kf6 82. Rf8+ Ke7 83. Ra8 Re1 84. Ra6 Kf7 85. Kg4 Re2 86. f3 Re3 87. Kf5 Ke7 88. Re6+ Kd7 89. Rxe5 Rxf3 90. Kg4 Rf1 91. Rf5 f3 92. Rxf3 Rxf3 93. Kxf3 1/2-1/2

[Event "Titled Tuesday intern op 20th May Late"]
[Site "Chess.com INT"]
[Date "2025.05.20"]
[Round "2"]
[White "Deac, Bogdan Daniel"]
[Black "Velikanov, Alexander"]
[Result "1-0"]
[WhiteElo "2668"]
[BlackElo "2372"]
[PlyCount "63"]
[EventDate "2025.05.20"]
[EventType "swiss (blitz)"]
[EventRounds "11"]
[EventCountry "USA"]
[SourceTitle "CB22_2025"]
[SourceDate "2025.05.28"]
[SourceVersion "1"]
[SourceVersionDate "2025.05.28"]
[SourceQuality "1"]

1. d4 Nf6 2. c4 g6 3. Nc3 Bg7 4. Nf3 0-0 5. e3 c5 6. d5 e6 7. Be2 exd5 8. cxd5 d6 9. Nd2 Na6 10. 0-0 Nc7 11. e4 Re8 12. Re1 a6 13. a4 Rb8 14. a5 b5 15. axb6 Rxb6 16. h3 Rb4 17. Bd3 Nb5 18. Nc4 Nd4 19. Bf4 Nh5 20. Bh2 Qg5 21. Qc1 Qh4 22. Nxd6 Bxh3 23. Qe3 Rxb2 24. Qxh3 Qxf2+ 25. Kh1 Be5 26. Rf1 Qd2 27. Nxe8 Bxh2 28. Kxh2 Qxc3 29. Rad1 Rb3 30. Nf6+ Nxf6 31. Rxf6 Ne2 32. Rf3 1-0

[Event "Chess.com Classic Play In"]
[Site "Chess.com INT"]
[Date "2025.05.19"]
[Round "2"]
[White "Deac, Bogdan Daniel"]
[Black "Kravtsiv, Martyn"]
[Result "1-0"]
[WhiteElo "2668"]
[BlackElo "2598"]
[PlyCount "151"]
[EventDate "2025.05.19"]
[EventType "swiss (blitz)"]
[EventRounds "9"]
[EventCountry "USA"]
[SourceTitle "CB21_2025"]
[SourceDate "2025.05.21"]
[SourceVersion "1"]
[SourceVersionDate "2025.05.21"]
[SourceQuality "1"]

1. e4 e5 2. Nf3 Nc6 3. Bb5 a6 4. Ba4 Nf6 5. 0-0 Be7 6. Re1 b5 7. Bb3 0-0 8. a4 b4 9. d3 d6 10. Nbd2 Na5 11. Ba2 Rb8 12. c3 c5 13. Nc4 bxc3 14. bxc3 Be6 15. Nxa5 Qxa5 16. Bxe6 fxe6 17. Bd2 Nd7 18. Qc2 Qc7 19. Rab1 Qc6 20. Qa2 c4 21. dxc4 Rxb1 22. Rxb1 Qxe4 23. Be3 Qc6 24. h3 Rc8 25. a5 h6 26. Rb2 Bd8 27. Nd2 Kh8 28. Rb1 d5 29. cxd5 exd5 30. Rb3 Bc7 31. Nf3 Qc4 32. Nd2 Qc6 33. Nf3 Bd8 34. Rb1 Bf6 35. Rd1 e4 36. Qxd5 exf3 37. Qxc6 Rxc6 38. Rxd7 Bxc3 39. Bb6 Rg6 40. g3 Rg5 41. h4 Rb5 42. Rd3 Bxa5 43. Bxa5 Rxa5 44. Rxf3 Kg8 45. Kg2 Rb5 46. Rc3 Rb8 47. Ra3 Rb6 48. Ra5 Kf7 49. g4 Ke7 50. h5 Kd7 51. Kf3 Rf6+ 52. Ke3 Kc7 53. f4 Kb6 54. Re5 Rf7 55. g5 hxg5 56. fxg5 a5 57. Kd2 a4 58. Kc3 Ra7 59. Kb4 a3 60. Re6+ Kb7 61. Re7+ Kb6 62. Rxa7 Kxa7 63. Kxa3 Kb6 64. h6 gxh6 65. gxh6 Kc6 66. h7 Kd5 67. h8Q Ke6 68. Qh5 Kd6 69. Kb4 Ke6 70. Kc4 Kd6 71. Qf5 Kc6 72. Qe6+ Kc7 73. Kc5 Kd8 74. Qf7 Kc8 75. Kc6 Kb8 76. Qb7# 1-0

[Event "Chess.com Classic Play In"]
[Site "Chess.com INT"]
[Date "2025.05.19"]
[Round "7"]
[White "Deac, Bogdan Daniel"]
[Black "Pranesh, Munirethinam"]
[Result "0-1"]
[WhiteElo "2668"]
[BlackElo "2576"]
[PlyCount "56"]
[EventDate "2025.05.19"]
[EventType "swiss (blitz)"]
[EventRounds "9"]
[EventCountry "USA"]
[SourceTitle "CB21_2025"]
[SourceDate "2025.05.21"]
[SourceVersion "1"]
[SourceVersionDate "2025.05.21"]
[SourceQuality "1"]

1. Nf3 d5 2. d4 Nf6 3. c4 dxc4 4. e3 Bg4 5. Bxc4 e6 6. h3 Bh5 7. Nc3 Nbd7 8. g4 Bg6 9. Nh4 Bb4 10. Nxg6 hxg6 11. Bd2 c5 12. dxc5 0-0 13. c6 bxc6 14. Be2 Nd5 15. 0-0 Rb8 16. Rc1 Qh4 17. Kg2 f5 18. Nxd5 cxd5 19. Bxb4 Rxb4 20. b3 Nf6 21. f3 d4 22. Bc4 dxe3 23. Qd6 f4 24. Qxf4 Nh5 25. Qh2 Rd8 26. Kg1 Rd2 27. Qe5 Rxc4 28. Rxc4 Qxh3 0-1

[Event "Bucharest Superbet Classic 5th"]
[Site "Bucharest"]
[Date "2025.05.11"]
[Round "5"]
[White "Abdusattorov, Nodirbek"]
[Black "Deac, Bogdan Daniel"]
[Result "1/2-1/2"]
[WhiteElo "2771"]
[BlackElo "2668"]
[PlyCount "113"]
[EventDate "2025.05.07"]
[EventType "tourn"]
[EventRounds "9"]
[EventCountry "ROU"]
[EventCategory "20"]
[SourceTitle "CB21_2025"]
[SourceDate "2025.05.21"]
[SourceVersion "1"]
[SourceVersionDate "2025.05.21"]
[SourceQuality "1"]

1. c4 e5 2. g3 Nf6 3. Bg2 c6 4. d4 Bb4+ 5. Bd2 Bxd2+ 6. Qxd2 d6 7. Nc3 0-0 8. e3 Be6 9. Rd1 Na6 10. b3 exd4 11. Qxd4 Qa5 12. Qd2 Nc7 13. Nge2 d5 14. cxd5 Ncxd5 15. Na4 Nb4 16. 0-0 Rad8 17. Qc3 Rxd1 18. Rxd1 Qh5 19. Rd2 Nbd5 20. Qd4 Bg4 21. Nac3 c5 22. Qc4 Nxc3 23. Nxc3 b6 24. Qf4 h6 25. Nd5 Nxd5 26. Rxd5 g5 27. Qa4 Be6 28. Rd2 Qg6 29. Be4 b5 30. Bxg6 bxa4 31. Bc2 axb3 32. axb3 Rb8 33. Rd3 Rb4 34. Kf1 c4 35. Rd8+ Kg7 36. bxc4 Rxc4 37. Bd1 a5 38. Ke2 Rc1 39. Rd4 Ra1 40. e4 g4 41. Ke3 Ra2 42. e5 h5 43. Ra4 Rxa4 44. Bxa4 f6 45. exf6+ Kxf6 46. f4 gxf3 47. Kxf3 Ke5 48. Ke3 Bg4 49. Be8 Bd1 50. Kd2 Bg4 51. h3 Bxh3 52. Bxh5 a4 53. Kc3 Kf5 54. Kb4 Kg5 55. g4 Bxg4 56. Bxg4 Kxg4 57. Kxa4 1/2-1/2

[Event "Warsaw Superbet Blitz"]
[Site "Warsaw"]
[Date "2025.04.30"]
[Round "16"]
[White "Deac, Bogdan Daniel"]
[Black "Fedoseev, Vladimir1"]
[Result "1/2-1/2"]
[WhiteElo "2668"]
[BlackElo "2739"]
[PlyCount "82"]
[EventDate "2025.04.29"]
[EventType "tourn (blitz)"]
[EventRounds "18"]
[EventCountry "POL"]
[EventCategory "19"]
[SourceTitle "CB18_2025"]
[SourceDate "2025.04.30"]
[SourceVersion "1"]
[SourceVersionDate "2025.04.30"]
[SourceQuality "1"]

1. e4 c5 2. Nf3 Nc6 3. d4 cxd4 4. Nxd4 Nf6 5. Nc3 e5 6. Ndb5 d6 7. Bg5 a6 8. Na3 b5 9. Nd5 Be7 10. Bxf6 Bxf6 11. c3 Bg5 12. Nc2 Ne7 13. Ncb4 0-0 14. a4 bxa4 15. Rxa4 Nxd5 16. Nxd5 a5 17. Bc4 Bd7 18. Ra3 a4 19. 0-0 Kh8 20. b3 axb3 21. Rxa8 Qxa8 22. Nb6 Qc6 23. Nxd7 Qxd7 24. Qxb3 g6 25. Bd5 f5 26. c4 Qa7 27. exf5 gxf5 28. g3 Bd8 29. Kg2 Bb6 30. Qc2 Bd4 31. Rb1 Qg7 32. Qe2 e4 33. Rb7 Qg6 34. Qd2 Be5 35. Kf1 Qh5 36. Kg1 Qg6 37. Qe2 Qg5 38. Kg2 Qg6 39. Kg1 Qg5 40. Kg2 Qg6 41. Kg1 Qg5 1/2-1/2

[Event "Warsaw Superbet Blitz"]
[Site "Warsaw"]
[Date "2025.04.29"]
[Round "8"]
[White "Deac, Bogdan Daniel"]
[Black "Duda, Jan Krzysztof"]
[Result "1-0"]
[WhiteElo "2668"]
[BlackElo "2739"]
[PlyCount "95"]
[EventDate "2025.04.29"]
[EventType "tourn (blitz)"]
[EventRounds "18"]
[EventCountry "POL"]
[EventCategory "19"]
[SourceTitle "CB18_2025"]
[SourceDate "2025.04.30"]
[SourceVersion "1"]
[SourceVersionDate "2025.04.30"]
[SourceQuality "1"]

1. Nf3 Nf6 2. c4 b6 3. d4 Bb7 4. Nc3 g6 5. d5 Bg7 6. e4 d6 7. Bd3 0-0 8. 0-0 Nbd7 9. Re1 e6 10. Rb1 a5 11. h3 Nh5 12. Bg5 Qc8 13. Qd2 Nc5 14. Bc2 Qd7 15. b3 e5 16. a3 a4 17. b4 Nb3 18. Qd1 Nf4 19. Bxb3 axb3 20. Bxf4 exf4 21. Rxb3 Ba6 22. Qd3 Rae8 23. a4 h6 24. Nb5 f5 25. exf5 Rxe1+ 26. Nxe1 Rxf5 27. Nf3 Qf7 28. Nbd4 Bxd4 29. Qxd4 g5 30. Rb1 Qg7 31. Qd3 Rf7 32. Re1 Re7 33. Rxe7 Qxe7 34. b5 Bc8 35. Qg6+ Qg7 36. Qe8+ Qf8 37. Qc6 Qd8 38. Qa8 Kf7 39. a5 bxa5 40. Qxa5 Bf5 41. Nd4 Bd7 42. Qa7 Kg6 43. Nc6 Bxc6 44. dxc6 g4 45. hxg4 Qe7 46. Qd4 Qe1+ 47. Kh2 Qc1 48. b6 1-0

[Event "Warsaw Superbet Rapid"]
[Site "Warsaw"]
[Date "2025.04.26"]
[Round "3"]
[White "Deac, Bogdan Daniel"]
[Black "Praggnanandhaa, Rameshbabu"]
[Result "1-0"]
[WhiteElo "2668"]
[BlackElo "2758"]
[PlyCount "100"]
[EventDate "2025.04.26"]
[EventType "tourn (rapid)"]
[EventRounds "9"]
[EventCountry "POL"]
[EventCategory "19"]
[SourceTitle "CB18_2025"]
[SourceDate "2025.04.30"]
[SourceVersion "1"]
[SourceVersionDate "2025.04.30"]
[SourceQuality "1"]

1. d4 Nf6 2. c4 g6 3. Nc3 Bg7 4. e4 d6 5. Be2 0-0 6. Be3 a5 7. h3 e5 8. d5 Na6 9. Qc2 c6 10. Nf3 cxd5 11. cxd5 Nh5 12. Qd2 f5 13. Bxa6 bxa6 14. Qd3 Rb8 15. 0-0 h6 16. Qe2 Nf6 17. Rab1 Qe8 18. a3 g5 19. b4 g4 20. hxg4 fxe4 21. Nh2 Qg6 22. g5 hxg5 23. bxa5 Rxb1 24. Rxb1 Kf7 25. Rb8 Rh8 26. Qc4 Qh5 27. Rxc8 Qxh2+ 28. Kf1 Rh4 29. Qxa6 Qh1+ 30. Ke2 Qxg2 31. Rc7+ Kg6 32. Qxd6 Rh1 33. Kd2 Qf1 34. Kc2 Qd3+ 35. Kb2 Rh2 36. Kb3 Rh1 37. Kb2 Rh2 38. Qxe5 Qxe3 39. Qxh2 Qd2+ 40. Kb3 e3 41. Rxg7+ Kxg7 42. Qc7+ Kg6 43. fxe3 Qxe3 44. a6 Nxd5 45. Qd6+ Nf6 46. Kb4 Qf2 47. Qc5 Qb2+ 48. Ka5 Nd7 49. Qd6+ Kh5 50. Ne4 Ne5 1-0

[Event "Titled Tuesday intern op 01st Apr Early"]
[Site "Chess.com INT"]
[Date "2025.04.01"]
[Round "2"]
[White "Diaz Perez, Michel Alejandro"]
[Black "Deac, Bogdan Daniel"]
[Result "1/2-1/2"]
[WhiteElo "2473"]
[BlackElo "2692"]
[PlyCount "132"]
[EventDate "2025.04.01"]
[EventType "swiss (blitz)"]
[EventRounds "11"]
[EventCountry "USA"]
[SourceTitle "CB15_2025"]
[SourceDate "2025.04.09"]
[SourceVersion "1"]
[SourceVersionDate "2025.04.09"]
[SourceQuality "1"]

1. e4 c5 2. Nf3 d6 3. d4 cxd4 4. Nxd4 Nf6 5. Nc3 a6 6. Be2 e5 7. Nb3 Be7 8. Be3 Qc7 9. g4 h6 10. h4 b5 11. a3 Nbd7 12. Bf3 Nb6 13. Qe2 Bb7 14. 0-0-0 0-0-0 15. g5 hxg5 16. hxg5 Nfd7 17. Na5 Nc5 18. Nxb7 Qxb7 19. Kb1 Kb8 20. Nd5 Nxd5 21. Rxd5 Rxh1+ 22. Bxh1 Na4 23. Bf3 g6 24. Qd2 Rc8 25. Be2 Nb6 26. Bxb6 Qxb6 27. f4 Rc5 28. fxe5 dxe5 29. Rxc5 Qxc5 30. Bd3 Qd6 31. Ka2 Qe6+ 32. Kb1 Qg4 33. Qa5 Qe6 34. a4 bxa4 35. Qxa4 Kb7 36. Bc4 Qd6 37. Bd5+ Kc7 38. Bxf7 Bxg5 39. Qe8 Be7 40. Bxg6 Qd8 41. Qxd8+ Kxd8 42. Bf7 Kc7 43. Bd5 Kb6 44. c3 a5 45. Kc2 Kc5 46. Kd3 a4 47. Kc2 Bd6 48. Bf7 Kb5 49. Be8+ Ka5 50. Kd3 Be7 51. Kc4 Bg5 52. Kd3 Bc1 53. Kc2 Bg5 54. Kb1 Bf4 55. Ka2 Be3 56. b3 axb3+ 57. Kxb3 Kb6 58. Kc4 Bd2 59. Kd3 Be1 60. c4 Kc5 61. Bf7 Bg3 62. Bd5 Bf4 63. Be6 Bg5 64. Bd5 Bf4 65. Be6 Bg5 66. Bd5 Bf4 1/2-1/2

[Event "Titled Tuesday intern op 01st Apr Late"]
[Site "Chess.com INT"]
[Date "2025.04.01"]
[Round "11"]
[White "Durarbayli, Vasif"]
[Black "Deac, Bogdan Daniel"]
[Result "1-0"]
[WhiteElo "2612"]
[BlackElo "2668"]
[PlyCount "83"]
[EventDate "2025.04.01"]
[EventType "swiss (blitz)"]
[EventRounds "11"]
[EventCountry "USA"]
[SourceTitle "CB21_2025"]
[SourceDate "2025.05.21"]
[SourceVersion "1"]
[SourceVersionDate "2025.05.21"]
[SourceQuality "1"]

1. e4 e5 2. Nf3 Nc6 3. Bb5 Nf6 4. d3 Bc5 5. Bxc6 dxc6 6. Nbd2 Nd7 7. Nc4 f6 8. Bd2 Qe7 9. Qe2 b6 10. a3 a5 11. h4 h5 12. Ne3 g6 13. c3 a4 14. d4 Bd6 15. Qd3 Bb7 16. 0-0-0 0-0-0 17. Qc2 exd4 18. cxd4 Rde8 19. Nc4 Qxe4 20. Nxd6+ cxd6 21. Qxa4 Qd5 22. Rhe1 Kc7 23. Qc2 f5 24. Ng5 Kb8 25. Bf4 Nf6 26. f3 Nd7 27. Qc3 Rhf8 28. Qb4 Kc7 29. Kb1 Ba6 30. Rc1 Rxe1 31. Qxe1 Rc8 32. Qe7 Bd3+ 33. Ka1 Bc4 34. Rxc4 Qxc4 35. Qxd6+ Kd8 36. Ne6+ Ke8 37. Ng7+ Kf7 38. Qxd7+ Kg8 39. Qxc8+ Kxg7 40. Be5+ Kf7 41. Qd7+ Kf8 42. Qd8+ 1-0

[Event "Titled Tuesday intern op 01st Apr Early"]
[Site "Chess.com INT"]
[Date "2025.04.01"]
[Round "8"]
[White "Esipenko, Andrey"]
[Black "Deac, Bogdan Daniel"]
[Result "1/2-1/2"]
[WhiteElo "2691"]
[BlackElo "2692"]
[PlyCount "54"]
[EventDate "2025.04.01"]
[EventType "swiss (blitz)"]
[EventRounds "11"]
[EventCountry "USA"]
[SourceTitle "CB15_2025"]
[SourceDate "2025.04.09"]
[SourceVersion "1"]
[SourceVersionDate "2025.04.09"]
[SourceQuality "1"]

1. d4 Nf6 2. c4 e6 3. Nc3 d5 4. cxd5 exd5 5. Bg5 Be7 6. e3 h6 7. Bh4 Bg4 8. f3 Be6 9. Bd3 c5 10. Nge2 Nc6 11. 0-0 0-0 12. Rc1 Rc8 13. Kh1 cxd4 14. exd4 Nh5 15. Bf2 Bd6 16. Bb1 Re8 17. Qd3 g6 18. Qd2 Qg5 19. Qe1 Nf4 20. Nxf4 Bxf4 21. Bh4 Qh5 22. Qf2 Bxc1 23. g4 Be3 24. Qg3 Bf4 25. Qf2 Be3 26. Qg3 Bf4 27. Qf2 Be3 1/2-1/2

[Event "Titled Tuesday intern op 01st Apr Early"]
[Site "Chess.com INT"]
[Date "2025.04.01"]
[Round "6"]
[White "Plat, Vojtech"]
[Black "Deac, Bogdan Daniel"]
[Result "0-1"]
[WhiteElo "2465"]
[BlackElo "2692"]
[PlyCount "114"]
[EventDate "2025.04.01"]
[EventType "swiss (blitz)"]
[EventRounds "11"]
[EventCountry "USA"]
[SourceTitle "CB15_2025"]
[SourceDate "2025.04.09"]
[SourceVersion "1"]
[SourceVersionDate "2025.04.09"]
[SourceQuality "1"]

1. e4 c5 2. Nf3 e6 3. c3 d5 4. exd5 Qxd5 5. d4 Nf6 6. Be2 Nc6 7. Na3 Qd8 8. Nc2 Be7 9. 0-0 0-0 10. Bg5 Qb6 11. dxc5 Qxc5 12. Ne3 h6 13. Bh4 Rd8 14. Qc2 a5 15. Rad1 Bd7 16. Nd2 a4 17. Bf3 Qb5 18. Ndc4 Be8 19. Bxf6 gxf6 20. Qe4 f5 21. Qf4 Bg5 22. Qc7 f4 23. Na3 Qe5 24. Qxe5 Nxe5 25. Nec4 Nxf3+ 26. gxf3 Be7 27. Nb6 Ra6 28. Rxd8 Bxd8 29. Nbc4 Be7 30. Rd1 b5 31. Ne5 f6 32. Nd3 Rd6 33. Kf1 e5 34. Ke2 Kf8 35. Nc2 Bh5 36. Rg1 Bxf3+ 37. Kxf3 Rxd3+ 38. Ke2 Rh3 39. Rh1 Kf7 40. Ne1 e4 41. f3 f5 42. Kf2 Bc5+ 43. Kg2 Rh4 44. h3 Rh5 45. h4 Be7 46. Nc2 Rxh4 47. Rxh4 Bxh4 48. Nd4 Kf6 49. Nxb5 Ke5 50. Nd4 Bf6 51. Ne2 h5 52. b3 axb3 53. axb3 h4 54. c4 Be7 55. Ng1 Kd4 56. Nh3 Ke3 57. Ng1 Bb4 0-1